00454 2200169 4500001002100000005001500021008004100036020002200077035001900099082001000118090001600128100001900144245002100163260003500184300003800219650002700257INLIS00000000002180920241224131135241224||||||||| | ||| |||| ||  a978-979-730-779-0 0010-12240218090 a635.6 a635.6 ARI a0 aArief Prahasta00aAgribisnis Tomat aBandungbpustaka grafikac2009 a20,5x15 cm, xiv, 190 hlm.; ilus.: 0aBudidaya -- Agribisnis